000 00476nam a2200169Ia 4500
008 231217s9999 xx 000 0 und d
020 _a8178810999
041 _aEnglish
082 _a658.4 CHO;1 R
100 _aChowdary, Nagendra V ed.
245 0 _aCorporate governance : principles and paradigms
260 _c2004
_bIcfai
_aHyderabad
300 _axiv, 192+A10
400 _aCorporate governance series
650 _aCorporate,governance,paradigms
942 _cAA
999 _c189045
_d189045